Top 5 Songs On The Slim Shady LP (Eminem) - Statistics

General Stats
  • This quiz has been taken 37 times
  • The average score is 3 of 5
Answer Stats
Hint Answer % Correct
457,808,112 My Name Is
97%
151,588,370 Guilty Conscience
72%
114,138,850 Role Model
72%
88,388,364 Just Don't Give A Fuck
53%
53,633,709 Rock Bottom
50%
No matching quizzes found
Score Distribution
Percent of People with Each Score
Percentile by Number Answered
Your Score History
You have not taken this quiz